[Event "V Weekend A"]
[Site "Siracusa ITA"]
[Date "1999.01.??"]
[Round "?"]
[White "Ljubisavljevic, Zivojin Z."]
[Black "Fabiano, Giuseppe"]
[Result "0-1"]
[WhiteElo "2303"]
[BlackElo "2282"]
[PlyCount "110"]
[EventDate "1999.01.16"]

1. e4 e6 2. d4 d5 3. Nd2 c5 4. Ngf3 Nc6 5. exd5 exd5 6. dxc5 Bxc5 7. Nb3 Bb6 8.
Be2 Nge7 9. O-O O-O 10. Nfd4 a6 11. Be3 Bc7 12. c3 Qd6 13. g3 Ne5 14. Nf3 Nc4
15. Bxc4 dxc4 16. Qxd6 Bxd6 17. Rfd1 cxb3 18. Rxd6 Nf5 19. Rb6 Nxe3 20. fxe3
bxa2 21. Rxa2 Be6 22. Ra5 Rad8 23. e4 Rd3 24. Kf2 Bg4 25. Ne5 Rd2+ 26. Ke3 Re2+
27. Kf4 Bc8 28. Nf3 f6 29. Nd4 Rxh2 30. Rc5 h5 31. Nf5 Bxf5 32. Kxf5 Rf2+ 33.
Ke6 Re8+ 34. Kd7 Rxe4 35. Rxb7 Rd2+ 36. Kc7 Re7+ 37. Kb8 Rxb7+ 38. Kxb7 Rxb2+
39. Kxa6 g5 40. c4 Rb3 41. Rb5 Rxg3 42. c5 h4 43. c6 Rc3 44. Kb7 h3 45. Rb2 g4
46. Rh2 Kg7 47. c7 Kg6 48. c8=Q Rxc8 49. Kxc8 Kg5 50. Kd7 Kh4 51. Ke6 g3 52.
Rb2 h2 53. Rb8 g2 54. Rb4+ Kg5 55. Rb5+ Kg6 0-1

[Event "V Weekend A"]
[Site "Siracusa ITA"]
[Date "1999.01.??"]
[Round "?"]
[White "Napoli Costa, Aurelio"]
[Black "Alaimo, Riccardo"]
[Result "0-1"]
[WhiteElo "1947"]
[BlackElo "2085"]
[PlyCount "86"]
[EventDate "1999.01.16"]

1. e4 c5 2. Nf3 d6 3. d4 cxd4 4. Nxd4 Nf6 5. Nc3 a6 6. Bg5 e6 7. f4 Qb6 8. Qd2
Qxb2 9. Rb1 Qa3 10. f5 Nc6 11. fxe6 fxe6 12. Nxc6 bxc6 13. Be2 Be7 14. e5 dxe5
15. Bxf6 Bxf6 16. Bh5+ g6 17. Ne4 O-O 18. O-O Bg7 19. Rxf8+ Qxf8 20. Qg5 Ra7
21. Bg4 Rf7 22. g3 Rf5 23. Bxf5 exf5 24. Rd1 Bh6 25. Qf6 Qxf6 26. Nxf6+ Kf7 27.
Nd7 Be3+ 28. Kf1 Ke6 29. Nb8 c5 30. Rd8 Bb7 31. Re8+ Kd6 32. c4 Bd4 33. Rh8 Kc7
34. Rxh7+ Kxb8 35. Rg7 Be4 36. Rxg6 Bd3+ 37. Ke1 Bxc4 38. h4 f4 39. gxf4 exf4
40. Rg4 f3 41. Rxd4 cxd4 42. h5 d3 43. h6 Bg8 0-1

[Event "V Weekend A"]
[Site "Siracusa ITA"]
[Date "1999.01.??"]
[Round "3"]
[White "Culle', Salvatore"]
[Black "Tondo, Salvatore"]
[Result "1-0"]
[WhiteElo "1771"]
[BlackElo "1794"]
[PlyCount "53"]
[EventDate "1999.01.16"]

1. e4 c6 2. d4 g6 3. Nc3 d5 4. e5 Nh6 5. Bd3 Bg7 6. Bg5 f6 7. exf6 exf6 8. Bf4
O-O 9. Qd2 Re8+ 10. Nge2 Nf7 11. h4 Nd6 12. Bxd6 Qxd6 13. h5 g5 14. h6 Bf8 15.
O-O-O Bg4 16. f3 Be6 17. g4 c5 18. dxc5 Qxc5 19. f4 Bxg4 20. Rdg1 Bxe2 21. Nxe2
Bxh6 22. fxg5 fxg5 23. Rxg5+ Bg7 24. Rxg7+ Kxg7 25. Qg5+ Kf7 26. Rxh7+ Ke6 27.
Qg6+ 1-0

[Event "V Weekend A"]
[Site "Siracusa ITA"]
[Date "1999.01.??"]
[Round "4"]
[White "Messina, Igor"]
[Black "Culle', Salvatore"]
[Result "0-1"]
[WhiteElo "1852"]
[BlackElo "1771"]
[PlyCount "59"]
[EventDate "1999.01.16"]

1. c4 e5 2. Nc3 d6 3. g3 f5 4. Bg2 Nf6 5. d3 Be7 6. Nf3 O-O 7. Bd2 Kh8 8. O-O
c6 9. Rc1 Na6 10. a3 Nc7 11. b4 Ne6 12. Qb3 Qe8 13. b5 c5 14. a4 Qh5 15. Nd5
Nxd5 16. cxd5 Ng5 17. Nxg5 Bxg5 18. Bxg5 Qxg5 19. f4 exf4 20. Rxf4 Bd7 21. Rcf1
Qe7 22. e4 fxe4 23. Bxe4 Rxf4 24. Rxf4 Rf8 25. Rh4 h6 26. Qd1 Qf6 27. Rf4 Qd4+
28. Kg2 Rxf4 29. gxf4 Qe3 30. Qf1 0-1

[Event "V Weekend A"]
[Site "Siracusa ITA"]
[Date "1999.01.??"]
[Round "5"]
[White "Culle', Salvatore"]
[Black "Gangemi, Salvatore"]
[Result "1-0"]
[WhiteElo "1771"]
[BlackElo "1855"]
[PlyCount "38"]
[EventDate "1999.01.16"]

1. e4 e6 2. d4 d5 3. Nc3 Bb4 4. e5 c5 5. a3 Ba5 6. Qg4 Ne7 7. Qxg7 Rg8 8. Qxh7
cxd4 9. b4 Bc7 10. Nce2 Bxe5 11. f4 Bf6 12. Nf3 d3 13. Ned4 dxc2 14. Ra2 Qb6
15. Rxc2 Bd7 16. Be3 Qd8 17. Ne5 Bxe5 18. fxe5 a6 19. Rf2 Rf8 1-0

[Event "V Weekend A"]
[Site "Siracusa ITA"]
[Date "1999.01.24"]
[Round "6"]
[White "Alaimo, Riccardo"]
[Black "Culle', Salvatore"]
[Result "0-1"]
[WhiteElo "2085"]
[BlackElo "1771"]
[PlyCount "90"]
[EventDate "1999.01.16"]

1. e4 e6 2. Nc3 d5 3. d4 Bb4 4. e5 c5 5. a3 Bxc3+ 6. bxc3 Ne7 7. Qg4 Qc7 8. Bd3
cxd4 9. Ne2 Nbc6 10. cxd4 Bd7 11. O-O Ng6 12. a4 O-O 13. Ba3 f5 14. Qh5 Rf7 15.
f4 Nge7 16. Kh1 Be8 17. Qh3 Bd7 18. Bd6 Qd8 19. g4 g6 20. c3 fxg4 21. Qxg4 Nf5
22. Ba3 Ne3 23. Qg3 Nxf1 24. Rxf1 Ne7 25. f5 Nxf5 26. Bxf5 Rxf5 27. Rg1 Qe8 28.
Bc1 Bxa4 29. Bg5 Bc2 30. h4 Be4+ 31. Kh2 Qb5 32. Nf4 Rxf4 33. Qxf4 Qe2+ 34. Kg3
Rf8 35. Bf6 Qd3+ 36. Kh2 Qc2+ 37. Kh3 Bf5+ 38. Kg3 Qxc3+ 39. Kf2 Qb2+ 40. Kg3
Rc8 41. Re1 Rc3+ 42. Re3 Rc2 43. Qf1 Qxd4 44. Qf3 Qd2 45. Kf4 d4 0-1

[Event "XXXI C.to Italiano a squadre A1 Nord"]
[Site "ITA"]
[Date "1999.02.21"]
[Round "1"]
[White "Bellia, Fabrizio"]
[Black "Racioppo, Paolo"]
[Result "1-0"]
[WhiteElo "2340"]
[BlackElo "2196"]
[PlyCount "93"]
[EventDate "1999.02.21"]

1. e4 c5 2. Nf3 a6 3. d4 cxd4 4. Nxd4 Nf6 5. Nc3 e5 6. Nb3 Bb4 7. Bd2 O-O 8.
Bd3 Nc6 9. O-O d6 10. a3 Bxc3 11. Bxc3 Be6 12. Bd2 Nd7 13. Be3 Qe7 14. c3 Rad8
15. f3 Nc5 16. Nxc5 dxc5 17. Qe2 Rfe8 18. b4 cxb4 19. axb4 Rd7 20. Rfb1 Rc8 21.
b5 axb5 22. Bxb5 h6 23. Bb6 Qg5 24. Rd1 h5 25. Kh1 Kh7 26. Rxd7 Bxd7 27. Bc4 f6
28. Rd1 Be8 29. h3 Ne7 30. Qa2 Ng6 31. Bg8+ Kh8 32. Be6 Rxc3 33. Qa8 Rc2 34.
Qxe8+ Kh7 35. Rg1 Rc6 36. Bf2 Rc2 37. Ba7 h4 38. Bf5 Ra2 39. Bxg6+ Qxg6 40.
Qxg6+ Kxg6 41. Be3 Rb2 42. Rd1 b5 43. Rd7 Rb1+ 44. Kh2 Kh7 45. Bf2 b4 46. Bxh4
b3 47. Bxf6 1-0

[Event "XXXI C.to Italiano a squadre A1 Nord"]
[Site "ITA"]
[Date "1999.02.21"]
[Round "1"]
[White "Bellini, Fabio"]
[Black "Sedina, Elena"]
[Result "1-0"]
[WhiteElo "2418"]
[BlackElo "2374"]
[PlyCount "73"]
[EventDate "1999.02.21"]

1. Nf3 d5 2. g3 Bg4 3. Bg2 Nd7 4. c4 e6 5. cxd5 exd5 6. O-O Ngf6 7. d3 Be7 8.
Nc3 c6 9. h3 Bxf3 10. Bxf3 O-O 11. Rb1 Re8 12. b4 d4 13. Ne4 Nxe4 14. Bxe4 Nf6
15. Bf3 Nd5 16. Bd2 Bg5 17. b5 Bxd2 18. Qxd2 c5 19. Rfc1 Nc3 20. Rxc3 dxc3 21.
Qxc3 Qe7 22. a4 Rac8 23. a5 b6 24. e3 Red8 25. axb6 axb6 26. Qb3 Qe6 27. Qc4
Rc7 28. Kg2 Ra7 29. Rb2 Ra3 30. Be4 g6 31. g4 Kg7 32. Rc2 Qxc4 33. dxc4 Rd1 34.
Bf3 Rdd3 35. Be2 Rd6 36. Bf3 Kf6 37. Bd5 {...} 1-0

[Event "XXXI C.to Italiano a squadre A1 Nord"]
[Site "ITA"]
[Date "1999.02.21"]
[Round "1"]
[White "Mussoni, Marcello"]
[Black "Contin, Daniel"]
[Result "0-1"]
[WhiteElo "2245"]
[BlackElo "2372"]
[PlyCount "80"]
[EventDate "1999.02.21"]

1. d4 e6 2. Nf3 Nf6 3. Bg5 b6 4. e3 Bb7 5. Bd3 Be7 6. Nbd2 c5 7. c3 Nc6 8. O-O
cxd4 9. exd4 Nd5 10. Bxe7 Ncxe7 11. Re1 O-O 12. g3 f5 13. Bf1 Nf6 14. Ne5 Ng6
15. Nxg6 hxg6 16. Nc4 g5 17. Ne5 Qe8 18. c4 d6 19. Nd3 Qf7 20. c5 Rfd8 21. Qc1
Be4 22. cxd6 Rxd6 23. Ne5 Qb7 24. Qxg5 Rxd4 25. Rad1 Rad8 26. Rxd4 Rxd4 27. Qe3
Rd5 28. Ng6 Rd6 29. Rc1 Rd8 30. Qg5 Kh7 31. Ne5 Kg8 32. Qh4 Bd5 33. Ng6 Kf7 34.
Ne5+ Kg8 35. Ng6 Kf7 36. Qg5 Rc8 37. Ne5+ Kg8 38. Rd1 Qc7 39. Ng6 Kf7 40. Ne5+
Qxe5 0-1

[Event "XXXI C.to Italiano a squadre A1 Nord"]
[Site "ITA"]
[Date "1999.02.21"]
[Round "1"]
[White "Sarno, Spartaco"]
[Black "Lazarev, Vladimir"]
[Result "0-1"]
[WhiteElo "2358"]
[BlackElo "2514"]
[PlyCount "124"]
[EventDate "1999.02.21"]

1. c4 c5 2. Nf3 Nc6 3. b3 e5 4. Nc3 g6 5. d3 Bg7 6. Bg5 f6 7. Bd2 Nge7 8. h4 h5
9. g3 d6 10. Bg2 Be6 11. Nh2 Qd7 12. Nf1 d5 13. cxd5 Nxd5 14. Ne3 Nde7 15. Ne4
b6 16. Bc3 Rd8 17. Qd2 O-O 18. Qb2 Nd4 19. O-O Nb5 20. Rad1 Nxc3 21. Qxc3 Nc6
22. Rfe1 Nd4 23. Nc4 Bg4 24. f3 Be6 25. e3 Nc6 26. Qc2 Bh6 27. f4 exf4 28. gxf4
Nb4 29. Qb2 Bg7 30. Nf2 b5 31. a3 Nd5 32. Nd2 f5 33. Qc2 Nc3 34. Ra1 Ne2+ 35.
Rxe2 Bxa1 36. Nf3 Rc8 37. Nh3 Bf6 38. Nhg5 Kh8 39. Bf1 Bg8 40. Ne5 Bxe5 41.
fxe5 Qd5 42. Qb2 Qxb3 43. Qa1 c4 44. Qd4 Qxd3 45. Qf4 Qd7 46. Nf3 c3 47. Nd4
Qe7 48. Rg2 Bh7 49. Bxb5 Qxa3 50. Bd3 Qe7 51. e6 Qf6 52. Bc2 a5 53. Rg5 Rc4 54.
Kf1 Rd8 55. Ke2 a4 56. Rg1 Rcxd4 57. exd4 Qxe6+ 58. Kd3 Re8 59. Kxc3 Qc6+ 60.
Kd2 Qc4 61. Rc1 a3 62. Qd6 a2 0-1

[Event "XXXI C.to Italiano a squadre A1 Nord"]
[Site "ITA"]
[Date "1999.02.21"]
[Round "1"]
[White "Toth, Bela"]
[Black "Ceschia, Ivano"]
[Result "0-1"]
[WhiteElo "2385"]
[BlackElo "2330"]
[PlyCount "78"]
[EventDate "1999.02.21"]

1. d4 Nf6 2. c4 e6 3. Nc3 Bb4 4. e3 O-O 5. Bd3 b6 6. Nge2 d5 7. O-O Ba6 8. b3
Re8 9. Bb2 Nc6 10. cxd5 Bxd3 11. dxc6 Bxc3 12. Bxc3 Bb5 13. Rc1 Bxc6 14. f3 Bb5
15. Rf2 Rc8 16. Bb2 Nd5 17. e4 Nb4 18. Nc3 Ba6 19. Rd2 Qg5 20. Kh1 Qe3 21. Qe1
Qxe1+ 22. Rxe1 Nd3 23. Red1 Nxb2 24. Rxb2 Red8 25. Rbd2 Kf8 26. Kg1 Ke7 27. Kf2
Rd7 28. Ke3 Rcd8 29. h4 Bb7 30. g4 h6 31. h5 f6 32. b4 c6 33. f4 Rc8 34. e5 c5
35. dxc5 Rxd2 36. Rxd2 fxe5 37. fxe5 bxc5 38. b5 Rf8 39. a4 Rf3+ 0-1

[Event "XXXI C.to Italiano a squadre A1 Nord"]
[Site "ITA"]
[Date "1999.02.21"]
[Round "1"]
[White "Tratar, Marko"]
[Black "Del Rio Angelis, Salvador Gabriel"]
[Result "0-1"]
[WhiteElo "2450"]
[BlackElo "2408"]
[PlyCount "80"]
[EventDate "1999.02.21"]

1. Nf3 e6 2. c4 Nf6 3. g3 b6 4. Bg2 Bb7 5. O-O c5 6. Nc3 Be7 7. d4 cxd4 8. Qxd4
d6 9. Bg5 a6 10. Bxf6 Bxf6 11. Qf4 Ra7 12. Rfd1 Be7 13. Ne4 Bxe4 14. Qxe4 O-O
15. Qe3 Rc7 16. Rac1 Qc8 17. Nd4 Bf6 18. b3 b5 19. cxb5 Rxc1 20. Rxc1 Bxd4 21.
Rxc8 Bxe3 22. Rxf8+ Kxf8 23. fxe3 axb5 24. a4 b4 25. Kf2 Ke7 26. a5 Kd7 27. Be4
g6 28. h4 d5 29. Bd3 Kc7 30. Bb5 Nc6 31. Bxc6 Kxc6 32. e4 dxe4 33. Ke3 f5 34.
Kf4 h6 35. Ke5 g5 36. hxg5 hxg5 37. g4 fxg4 38. Kxe4 Kb5 39. Ke3 Kxa5 40. Kf2
Kb5 0-1

[Event "XXXI C.to Italiano a squadre A1 Nord"]
[Site "ITA"]
[Date "1999.02.21"]
[Round "1"]
[White "Zueger, Beat"]
[Black "Mohr, Georg"]
[Result "1/2-1/2"]
[WhiteElo "2424"]
[BlackElo "2476"]
[PlyCount "55"]
[EventDate "1999.02.21"]

1. c4 g6 2. e4 c5 3. Nf3 Bg7 4. d4 cxd4 5. Nxd4 Nc6 6. Be3 Nf6 7. Nc3 Ng4 8.
Qxg4 Nxd4 9. Qd1 Ne6 10. Qd2 Qa5 11. Rc1 b6 12. b3 Bb7 13. Nd5 Qxd2+ 14. Kxd2
Rc8 15. f3 d6 16. Bd3 Nc5 17. Be2 e6 18. Nc3 Ke7 19. Rhd1 a5 20. Bg5+ Bf6 21.
Bxf6+ Kxf6 22. Ke3 Ke7 23. Rd2 Rhd8 24. Rcd1 Bc6 25. f4 e5 26. Bg4 Rb8 27. h4
Na6 28. g3 1/2-1/2

[Event "XXXI C.to Italiano a squadre A1 Nord"]
[Site "ITA"]
[Date "1999.03.07"]
[Round "2"]
[White "Gregoratti, Ivaldi"]
[Black "Rivello, Roberto"]
[Result "0-1"]
[WhiteElo "1993"]
[BlackElo "2280"]
[PlyCount "116"]
[EventDate "1999.02.21"]

1. e4 c5 2. Nf3 d6 3. d4 cxd4 4. Nxd4 Nf6 5. Nc3 e6 6. Bc4 a6 7. O-O b5 8. Bb3
Be7 9. Qf3 Qb6 10. Be3 Qb7 11. Qg3 O-O 12. f3 Kh8 13. Rad1 Nbd7 14. Nd5 Nxd5
15. exd5 Nc5 16. dxe6 fxe6 17. Ne2 Nxb3 18. axb3 Rf6 19. Nf4 e5 20. Nd5 Rg6 21.
Qf2 Bh3 22. g3 Bxf1 23. Qxf1 Rf8 24. Kg2 Bg5 25. Bf2 Qf7 26. Qd3 Re6 27. Qe4 a5
28. c3 Rh6 29. b4 axb4 30. Nxb4 Qb3 31. Qe2 Qe6 32. h4 Bd8 33. Nd5 g5 34. Be3
g4 35. fxg4 Rg6 36. g5 Rg7 37. Kh2 Rgf7 38. Rd2 Rf3 39. Qg2 Qg4 40. Rf2 Qe4 41.
Nf6 Rxf2 42. Qxf2 Bxf6 43. gxf6 Qg6 44. Qe2 Rxf6 45. Qxb5 h6 46. Qe2 Qe4 47.
Qd2 Kh7 48. b4 Rf3 49. Bxh6 Qg4 50. Qg5 Qxg5 51. Bxg5 Rxc3 52. Be7 d5 53. Bf6
Re3 54. Kg2 Kg6 55. Kf2 d4 56. Be7 Kf5 57. Bd6 Ke4 58. h5 d3 0-1

[Event "XXXI C.to Italiano a squadre A1 Nord"]
[Site "ITA"]
[Date "1999.03.07"]
[Round "2"]
[White "Molina, Fabrizio"]
[Black "Mussoni, Marcello"]
[Result "1-0"]
[WhiteElo "2282"]
[BlackElo "2245"]
[PlyCount "61"]
[EventDate "1999.02.21"]

1. c4 c6 2. Nf3 d5 3. b3 Nf6 4. g3 Bg4 5. Bg2 e6 6. O-O Bd6 7. Bb2 Nbd7 8. d3
O-O 9. Qc2 Re8 10. Nbd2 e5 11. e4 dxe4 12. Nxe4 Nxe4 13. dxe4 Qc7 14. a3 a5 15.
Bc3 f6 16. b4 axb4 17. axb4 b6 18. Nd2 Red8 19. Ra2 Be6 20. Rfa1 Qb7 21. Bf1
Nf8 22. Ra4 Bd7 23. c5 Rxa4 24. Qxa4 bxc5 25. bxc5 Bxc5 26. Qc4+ Ne6 27. Bh3
Bxf2+ 28. Kxf2 Qb6+ 29. Kg2 Re8 30. Bb4 Kh8 31. Bxe6 1-0

[Event "XXXI C.to Italiano a squadre A1 Nord"]
[Site "ITA"]
[Date "1999.03.07"]
[Round "2"]
[White "Pavasovic, Dusko"]
[Black "Sarno, Spartaco"]
[Result "1-0"]
[WhiteElo "2502"]
[BlackElo "2358"]
[PlyCount "79"]
[EventDate "1999.02.21"]

1. e4 d6 2. d4 Nf6 3. Nc3 g6 4. Be3 Bg7 5. Qd2 O-O 6. Nf3 b6 7. Bd3 Bb7 8. Bh6
c5 9. O-O Nbd7 10. d5 a6 11. a4 Qc7 12. Rfe1 Ne5 13. Nxe5 dxe5 14. Bf1 Rad8 15.
Bxg7 Kxg7 16. Qe3 e6 17. dxe6 fxe6 18. Qh3 Bc8 19. Bc4 Nh5 20. Qe3 Rd4 21. b3
Nf4 22. Bf1 Bb7 23. g3 Nh5 24. Bd3 Nf6 25. f3 h6 26. Qe2 Qc8 27. Nd1 Rd7 28.
Ne3 Rdf7 29. Rad1 Nh7 30. Ng4 Ng5 31. Nxe5 Nxf3+ 32. Nxf3 Rxf3 33. Bc4 e5 34.
Qd2 R3f6 35. Qd7+ Kh8 36. Qe7 Bc6 37. Qxe5 Qe8 38. Qxe8 Rxe8 39. e5 Rf5 40. Rd6
1-0

[Event "XXXI C.to Italiano a squadre A1 Nord"]
[Site "ITA"]
[Date "1999.03.07"]
[Round "2"]
[White "Racioppo, Paolo"]
[Black "Pagnutti, Lorenzo"]
[Result "1/2-1/2"]
[WhiteElo "2196"]
[BlackElo "1962"]
[PlyCount "112"]
[EventDate "1999.02.21"]

1. e4 e5 2. Nf3 Nc6 3. Bc4 Nf6 4. Qe2 Be7 5. d3 d6 6. c3 O-O 7. Bb3 Re8 8. Nbd2
Bf8 9. h3 g6 10. Nf1 Bg7 11. Bg5 h6 12. Bd2 d5 13. g4 dxe4 14. dxe4 Nd7 15.
O-O-O Qe7 16. Ne3 Nb6 17. h4 a5 18. h5 g5 19. Nh2 a4 20. Bc2 Be6 21. Kb1 Qc5
22. Nf5 Nc4 23. Bc1 b5 24. Be3 Nxe3 25. Qxe3 Qxe3 26. Nxe3 b4 27. cxb4 Nxb4 28.
a3 Nxc2 29. Nxc2 Rab8 30. Rd2 Bf8 31. Rg1 Rb6 32. Rg3 Reb8 33. Ne1 Bc5 34. Kc1
f6 35. Nd3 Bd6 36. Nf3 c5 37. Nde1 Kf7 38. Ng1 Ke7 39. Ne2 Bd7 40. Nc3 Ke6 41.
Ng2 Ra6 42. Ne3 Bb5 43. Nf5 Bf8 44. Nxb5 Rxb5 45. Rd8 Kf7 46. Rgd3 Rb7 47.
R8d7+ Rxd7 48. Rxd7+ Kg8 49. Kc2 Ra8 50. Kc3 Rb8 51. Ra7 Rb3+ 52. Kc2 Rf3 53.
Rxa4 Rxf2+ 54. Kc3 Rg2 55. Ra6 Kf7 56. Ra7+ Kg8 1/2-1/2

[Event "XXXI C.to Italiano a squadre A1 Nord"]
[Site "ITA"]
[Date "1999.03.21"]
[Round "3"]
[White "Ceschia, Ivano"]
[Black "Tomescu, Vlad"]
[Result "0-1"]
[WhiteElo "2330"]
[BlackElo "2436"]
[PlyCount "122"]
[EventDate "1999.02.21"]

1. e4 c5 2. Nf3 Nc6 3. d4 cxd4 4. Nxd4 Nf6 5. Nc3 d6 6. Bc4 e6 7. Be3 a6 8. Qe2
Qc7 9. O-O-O Na5 10. Bd3 b5 11. g4 b4 12. Nb1 Bb7 13. f3 d5 14. e5 Qxe5 15. Qd2
Qc7 16. Rhe1 O-O-O 17. Bf4 Bd6 18. Bxd6 Qxd6 19. a3 bxa3 20. Qxa5 Qf4+ 21. Rd2
Qxd4 22. Nxa3 Rd6 23. Bg6 Qf4 24. Bxf7 Kd7 25. g5 Ne8 26. Bxe8+ Rxe8 27. Qc5 e5
28. Re3 Rc8 29. Qa7 Rc7 30. Rb3 Bc8 31. Qe3 Qf5 32. Re2 Re6 33. h4 d4 34. Qe4
Qxe4 35. fxe4 Re7 36. Rf3 Bb7 37. Kd2 Ke6 38. Re1 Rf7 39. Rxf7 Rxf7 40. h5 Rf2+
41. Kd3 Rg2 42. Nc4 Rxg5 43. Na5 Ba8 44. h6 gxh6 45. Nb3 h5 46. Nc5+ Kd6 47.
Kc4 h4 48. c3 dxc3 49. bxc3 Bc6 50. Nxa6 Rg4 51. Nc5 h3 52. Rd1+ Ke7 53. Rh1
Rg3 54. Rh2 Re3 55. Nd3 Bxe4 56. Nxe5 Bg2 57. Kd4 Re4+ 58. Kd5 Kf6 59. Nd7+ Kf5
60. c4 Kf4 61. Nf6 Re1+ 0-1

[Event "XXXI C.to Italiano a squadre A1 Nord"]
[Site "ITA"]
[Date "1999.03.21"]
[Round "3"]
[White "Delchev, Aleksander"]
[Black "Mohr, Georg"]
[Result "1/2-1/2"]
[WhiteElo "2548"]
[BlackElo "2476"]
[PlyCount "67"]
[EventDate "1999.02.21"]

1. e4 c5 2. Nf3 Nc6 3. d4 cxd4 4. Nxd4 Nf6 5. Nc3 e5 6. Ndb5 d6 7. Bg5 a6 8.
Na3 b5 9. Bxf6 gxf6 10. Nd5 f5 11. c3 Bg7 12. exf5 Bxf5 13. Nc2 Ne7 14. Bd3
Nxd5 15. Bxf5 Ne7 16. Qg4 O-O 17. Rd1 d5 18. Ne3 Ra7 19. O-O d4 20. cxd4 exd4
21. Nc2 Nxf5 22. Qxf5 Qc8 23. Qxc8 Rxc8 24. Nxd4 Bxd4 25. Rxd4 Rc2 26. Rb4 Rd7
27. a4 Rd5 28. g3 a5 29. Rg4+ Kf8 30. b3 Rb2 31. axb5 Rxb5 32. Rh4 Kg7 33. Rg4+
Kf8 34. Rh4 1/2-1/2

[Event "XXXI C.to Italiano a squadre A1 Nord"]
[Site "ITA"]
[Date "1999.03.21"]
[Round "3"]
[White "Pagnutti, Lorenzo"]
[Black "Iotti, Pierluigi"]
[Result "0-1"]
[WhiteElo "1962"]
[BlackElo "2318"]
[PlyCount "96"]
[EventDate "1999.02.21"]

1. e4 e6 2. d4 d5 3. e5 c5 4. c3 Nc6 5. Nf3 Bd7 6. a3 c4 7. g3 Na5 8. Nbd2 Qc7
9. h4 Ne7 10. Bh3 Nec6 11. O-O f6 12. Re1 O-O-O 13. Rb1 fxe5 14. Nxe5 Nxe5 15.
Rxe5 Nc6 16. Re1 e5 17. Bxd7+ Rxd7 18. dxe5 Nxe5 19. Nf3 Bd6 20. Nxe5 Bxe5 21.
f4 Qc5+ 22. Be3 d4 23. Bf2 Bf6 24. Qa4 Rhd8 25. Rbc1 Kb8 26. Re8 b5 27. Rxd8+
Rxd8 28. Qc2 h5 29. Qe4 Qd5 30. Qxd5 Rxd5 31. cxd4 Bxd4 32. Bxd4 Rxd4 33. Rc2
Kb7 34. Kg2 Kb6 35. Rf2 Ka5 36. g4 hxg4 37. Kg3 Ka4 38. Kxg4 Kb3 39. h5 a5 40.
h6 gxh6 41. Kh5 Rd6 42. f5 Rf6 43. Kg4 b4 44. axb4 axb4 45. Kf4 c3 46. bxc3
bxc3 47. Ke5 Rf8 48. Rf3 Kb2 0-1

[Event "XXXI C.to Italiano a squadre A1 Nord"]
[Site "ITA"]
[Date "1999.03.21"]
[Round "3"]
[White "Vezzosi, Paolo"]
[Black "Gregoratti, Ivaldi"]
[Result "1-0"]
[WhiteElo "2339"]
[BlackElo "1993"]
[PlyCount "113"]
[EventDate "1999.02.21"]

1. d4 Nf6 2. Nf3 b6 3. Bf4 Bb7 4. e3 d6 5. Nbd2 Nbd7 6. Bd3 g6 7. O-O Bg7 8.
Qe2 O-O 9. Rfd1 Re8 10. Bc4 e6 11. a4 a5 12. h3 Qe7 13. Bh2 Ne4 14. Bb5 f5 15.
c3 Rec8 16. Nxe4 fxe4 17. Nd2 Nf6 18. Rf1 d5 19. Qd1 c5 20. Be5 cxd4 21. exd4
Bh6 22. Re1 Rf8 23. Nf1 Rf7 24. Nh2 Raf8 25. Rf1 Nh5 26. Ng4 Bf4 27. g3 Bxe5
28. Nxe5 Rf5 29. Qd2 Rg5 30. Kh2 Rgf5 31. Rae1 Qd6 32. Re3 Nf6 33. Kg2 Kg7 34.
Ree1 h6 35. Qe3 Nh7 36. f4 g5 37. Be2 R5f6 38. fxg5 Nxg5 39. Rxf6 Rxf6 40. h4
Nf7 41. Ng4 Rg6 42. Rf1 Qe7 43. Qf4 Bc6 44. Qxf7+ Qxf7 45. Rxf7+ Kxf7 46. Ne5+
Kf6 47. Nxc6 Rg7 48. Bb5 Rc7 49. Kf2 Rg7 50. Ne5 Ke7 51. g4 Kd6 52. Ke3 Kc7 53.
Kf4 Kd6 54. Be8 Rg8 55. Bf7 Rb8 56. g5 hxg5+ 57. hxg5 1-0

[Event "XXXI C.to Italiano a squadre A1 Nord"]
[Site "ITA"]
[Date "1999.04.11"]
[Round "4"]
[White "Bellini, Fabio"]
[Black "Tratar, Marko"]
[Result "1/2-1/2"]
[WhiteElo "2418"]
[BlackElo "2450"]
[PlyCount "118"]
[EventDate "1999.02.21"]

1. e4 c5 2. Nf3 d6 3. Bb5+ Nd7 4. O-O Ngf6 5. Re1 a6 6. Bf1 b6 7. d4 cxd4 8.
Nxd4 Bb7 9. c4 e6 10. Nc3 Be7 11. f3 Rc8 12. Be3 O-O 13. Rc1 Qc7 14. Kh1 Qb8
15. Bg1 Rfe8 16. b3 h6 17. Re2 Ne5 18. Rec2 Ng6 19. Na4 Ba8 20. b4 Nd7 21. a3
Bg5 22. Rb1 h5 23. Rb3 h4 24. Nb2 Bb7 25. Nd3 Qa8 26. Nf2 Red8 27. Rbc3 Be7 28.
Qc1 Rc7 29. Nh3 Rdc8 30. Ne2 Bc6 31. Nef4 Nge5 32. Qa1 Ba4 33. Rc1 b5 34. Nh5
g6 35. f4 Ng4 36. cxb5 Rxc3 37. Rxc3 gxh5 38. Rxc8+ Qxc8 39. bxa6 Bc6 40. Qc1
Qa8 41. b5 Bxe4 42. b6 Nc5 43. b7 Nxb7 44. axb7 Qxb7 45. Qe1 Bd5 46. Qb4 Qxb4
47. axb4 e5 48. Ba7 Kg7 49. Kg1 Bb7 50. Nf2 e4 51. Nxg4 hxg4 52. Kf2 d5 53. b5
Bf6 54. Ke3 g3 55. hxg3 hxg3 56. Be2 Kg6 57. Bg4 Bb2 58. Bd7 Bc1+ 59. Kd4 59...
Bxf4 {...} 1/2-1/2

[Event "XXXI C.to Italiano a squadre A1 Nord"]
[Site "ITA"]
[Date "1999.04.11"]
[Round "4"]
[White "Ceschia, Ivano"]
[Black "Lanzani, Mario"]
[Result "0-1"]
[WhiteElo "2330"]
[BlackElo "2393"]
[PlyCount "95"]
[EventDate "1999.02.21"]

1. e4 e5 2. Nc3 Nc6 3. g3 h5 4. Nf3 h4 5. Nxh4 Rxh4 6. gxh4 Qxh4 7. Qf3 Nd4 8.
Qg3 Nxc2+ 9. Kd1 Qxg3 10. hxg3 Nxa1 11. Nd5 Bd6 12. Rh8 Kf8 13. d4 b6 14. dxe5
Bxe5 15. f4 Bd4 16. Nxc7 Rb8 17. Nb5 Bc5 18. f5 d5 19. Bf4 Rb7 20. Nd6 Rd7 21.
e5 Rd8 22. Bd3 f6 23. Nxc8 Rxc8 24. Ba6 Re8 25. e6 g5 26. fxg6 Kg7 27. Rh7+
Kxg6 28. Bd3+ f5 29. Rxa7 Nf6 30. e7 Rxe7 31. Rxe7 Bxe7 32. Kc1 Ne4 33. Kb1 Nb3
34. axb3 Bc5 35. Bb5 Bf2 36. Bc6 Bxg3 37. Be3 Bf2 38. Bxf2 Nxf2 39. Bxd5 Kf6
40. Kc2 Ke5 41. Bg2 Kd4 42. Kd2 Nd3 43. Bb7 f4 44. Ba6 Ne5 45. Ke2 f3+ 46. Kd2
Ng4 47. Bb7 Nh2 48. Bc6 0-1

[Event "XXXI C.to Italiano a squadre A1 Nord"]
[Site "ITA"]
[Date "1999.04.11"]
[Round "4"]
[White "Pavasovic, Dusko"]
[Black "Lazarev, Vladimir"]
[Result "1-0"]
[WhiteElo "2502"]
[BlackElo "2514"]
[PlyCount "95"]
[EventDate "1999.02.21"]

1. e4 c5 2. Nf3 Nc6 3. Bb5 e6 4. O-O Nge7 5. c3 a6 6. Ba4 b5 7. Bc2 Bb7 8. Qe2
d5 9. e5 d4 10. Be4 Ng6 11. cxd4 cxd4 12. d3 Rc8 13. Nbd2 Bc5 14. Nb3 Bb6 15.
Bg5 Qd7 16. h4 h6 17. Bd2 Nge7 18. Rac1 Ba8 19. Nc5 Qa7 20. b4 O-O 21. a3 a5
22. Nh2 Nf5 23. h5 axb4 24. axb4 Rfd8 25. Ng4 Qe7 26. Qf3 Kh8 27. Nb3 Qd7 28.
Ra1 Bb7 29. Rfc1 Re8 30. Nc5 Bxc5 31. Rxc5 Rc7 32. Rxb5 Rec8 33. Rc5 Nd8 34.
Rac1 Rxc5 35. bxc5 Qb5 36. Qf4 Rxc5 37. Rxc5 Qxc5 38. Bxf5 exf5 39. Nxh6 Qd5
40. f3 gxh6 41. Qxh6+ Kg8 42. Qg5+ Kh8 43. Qf6+ Kg8 44. h6 Ne6 45. Bg5 f4 46.
h7+ Kxh7 47. Qh6+ Kg8 48. Bf6 1-0

[Event "XXXI C.to Italiano a squadre A1 Nord"]
[Site "ITA"]
[Date "1999.04.11"]
[Round "4"]
[White "Pozzi, Enrico"]
[Black "Mussoni, Marcello"]
[Result "0-1"]
[WhiteElo "2260"]
[BlackElo "2245"]
[PlyCount "138"]
[EventDate "1999.02.21"]

1. e4 e5 2. Nf3 Nc6 3. Bc4 Nf6 4. d3 Bc5 5. c3 O-O 6. O-O d6 7. b4 Bb6 8. a4 a6
9. Bb3 Ne7 10. Nbd2 Ng6 11. Nc4 Ba7 12. Be3 Kh8 13. Re1 Bxe3 14. Nxe3 Be6 15.
Bc2 Ng4 16. Nf5 Nf4 17. h3 Nh6 18. d4 Qf6 19. Re3 Rae8 20. Qe1 Ng8 21. Kh2 g6
22. Ng3 Ne7 23. Rd1 Rg8 24. dxe5 dxe5 25. c4 g5 26. Qc3 Neg6 27. Nf5 h5 28. Kh1
g4 29. hxg4 hxg4 30. Nh2 Bxf5 31. exf5 Nf8 32. Rde1 Nd7 33. Rg3 Qh4 34. Kg1 Rg5
35. Nf1 Rh5 36. f3 gxf3 37. Qxf3 Nf6 38. Be4 c6 39. Rd1 Nxe4 40. Qxe4 Nh3+ 41.
Rxh3 Qxe4 42. Rxh5+ Kg7 43. Rd6 Qf4 44. g3 Qc1 45. Kg2 Qxc4 46. Rdh6 Qe2+ 47.
Kg1 Rg8 48. Rh2 Qf3 49. Rh7+ Kf8 50. Rf2 Qc3 51. b5 Ke7 52. bxc6 Qxc6 53. Rh4
Qc3 54. Re4 b5 55. axb5 axb5 56. Re3 Qc5 57. Kg2 Qc6+ 58. Rff3 f6 59. Nd2 Rd8
60. Nb3 Qc4 61. Rc3 Qe2+ 62. Rf2 Qe4+ 63. Rff3 Ra8 64. Nc5 Ra2+ 65. Kh3 Qe1 66.
Rcd3 Qh1+ 67. Kg4 Ra7 68. Ra3 Rc7 69. Rac3 Rc8 0-1